000 00523nam a22001697a 4500
003 BD-DhUL
005 20190113113719.0
008 190113s1960 ii ||||| |||| 00| 0 urd d
040 _aBD-DhUL
_cBD-DhUL
082 _a891.4304
_bRAA
100 0 _aرشیل احمد صدیقی
245 1 0 _aاشفتہ بیانی میری /
_cرشیل احمد صدیقی
260 _aعلی گرھ :
_bمسلم یونیورسٹی،
_c۱۹۶۰۔
300 _aص۔ ۲۰۰ ؛
_c۱۸ سم۔
650 4 _aUrdu literature
942 _2ddc
_cBK
999 _c245725
_d245725